Az "éneklő rabbitól" a haszid reggae királyáig gondolatok a kortárs zsidó vallásos zene kapcsán /
My study introduces three significant figures from the jewish religious popular music scene (Shlomo Carlebach, Debbie Friedman and Matisyahu). Along the three case studies I am interested in the participants’ understanding of music and how (religious) identities are defined and redefined through rel...
Elmentve itt :
| Szerző: | |
|---|---|
| Dokumentumtípus: | Könyv része |
| Megjelent: |
2014
|
| Sorozat: | A vallási kultúrakutatás könyvei
Hagyományláncolat és modernitás |
| Kulcsszavak: | Egyházi zene - vallási könnyűzene - zsidó - 20-21. sz., Zsidó vallás |
| Tárgyszavak: | |
| Online Access: | http://acta.bibl.u-szeged.hu/67214 |
| LEADER | 01616naa a2200265 i 4500 | ||
|---|---|---|---|
| 001 | acta67214 | ||
| 005 | 20211122090335.0 | ||
| 008 | 200527s2014 hu o 0|| hun d | ||
| 020 | |a 978-963-306-283-8 | ||
| 022 | |a 2064-4825 | ||
| 040 | |a SZTE Egyetemi Kiadványok Repozitórium |b hun | ||
| 041 | |a hun | ||
| 041 | |a eng | ||
| 100 | 1 | |a Povedák Kinga | |
| 245 | 1 | 3 | |a Az "éneklő rabbitól" a haszid reggae királyáig |h [elektronikus dokumentum] : |b gondolatok a kortárs zsidó vallásos zene kapcsán / |c Povedák Kinga |
| 260 | |c 2014 | ||
| 300 | |a 318-332 | ||
| 490 | 0 | |a A vallási kultúrakutatás könyvei | |
| 490 | 0 | |a Hagyományláncolat és modernitás | |
| 520 | 3 | |a My study introduces three significant figures from the jewish religious popular music scene (Shlomo Carlebach, Debbie Friedman and Matisyahu). Along the three case studies I am interested in the participants’ understanding of music and how (religious) identities are defined and redefined through religious popular music. Questions of worldviews, religious attitudes, identites are brought to the fore. I would like to shed light on how the relation to community, tradition and religious tradition is contested through jewish religious popular music | |
| 650 | 4 | |a Bölcsészettudományok | |
| 650 | 4 | |a Filozófia, etika és vallástudományok | |
| 650 | 4 | |a Művészetek (művészetek, művészettörténet, előadóművészetek, zene) | |
| 695 | |a Egyházi zene - vallási könnyűzene - zsidó - 20-21. sz., Zsidó vallás | ||
| 856 | 4 | 0 | |u http://acta.bibl.u-szeged.hu/67214/1/vallasi_kulturakutatas_konyvei_011_318-332.pdf |z Dokumentum-elérés |